[Event "Olympiad Women 2024"]
[Site "Budapest HUN"]
[Date "2024.09.16"]
[Round "6.34"]
[Board "4"]
[White "Guerrero Caicedo, Arlette"]
[Black "Almaamari, Zainab Darwish"]
[Result "1/2-1/2"]
[WhiteElo "1868"]
[BlackElo "1661"]
[PlyCount "62"]
[EventDate "2024.09.11"]
[WhiteTeam "Ecuador"]
[BlackTeam "United Arab Emirates"]
[WhiteTeamCountry "ECU"]
[BlackTeamCountry "UAE"]

1. d4 Nf6 2. Nf3 e6 3. g3 b5 4. a4 b4 5. Bg2 Bb7 6. O-O Be7 7. c3 c5 ({RR} 7... O-O 8. Bg5 a5 9. c4 d6 10. Nbd2 Nbd7 11. Qc2 c5 12. dxc5 Nxc5 13. Nb3 Be4 14. Qd1 h6 15. Nxc5 dxc5 16. Bf4 Qb6 17. Ne5 Rfd8 18. Qc1 Qb7 19. f3 Bc6 20. e4 Be8 21. Qc2 b3 22. Qe2 {0-1 Leenhouts,K (2433)-Syaputra,A (2247) Titled Tue 2nd Jan Late 2024 (5)}) 8. Nbd2 bxc3 9. bxc3 O-O 10. Qc2 $146 ({RR} 10. Ba3 cxd4 11. cxd4 {½-½ Egyed,A (2260)-Restas,P (2195) HUN-chT2 9798 1997}) ({RR} 10. Ba3 cxd4 11. Bxe7 Qxe7 12. cxd4 d5 13. Qb3 Ba6 14. Rfe1 Nc6 15. e3 Rab8 16. Qc2 Rfc8 17. Rec1 Nb4 18. Qb3 Nc6 19. Qc3 Qd8 20. Bf1 Bxf1 21. Kxf1 Na5 22. Qd3 Rxc1+ 23. Rxc1 Qb6 24. Ne5 g6 {0-1 Blanco Gramajo,C (2065)-Okike,D (2177) Titled Tuesday intern op 10th Nov blitz 2020 (8)}) 10... Na6 11. Ba3 Rc8 12. Qd1 cxd4 13. cxd4 Bxa3 14. Rxa3 Nb4 15. Qb1 a5 16. Rc1 Ba6 17. Bf1 Qe7 18. Rac3 Rb8 19. Rb3 Rfc8 20. Qb2 Qe8 21. Rxc8 Rxc8 22. Rc3 Nfd5 23. Rxc8 Qxc8 24. Nb3 Qc3 25. Qxc3 Nxc3 26. e3 Bxf1 27. Kxf1 Nc6 28. Nfd2 Nxa4 29. Nc4 Nc3 30. Nbxa5 Nxa5 31. Nxa5 Kf8 1/2-1/2

[Event "Olympiad Women 2024"]
[Site "Budapest HUN"]
[Date "2024.09.16"]
[Round "6.35"]
[Board "1"]
[White "Maksimovic, Masa"]
[Black "Ampaire, Shakira"]
[Result "1-0"]
[WhiteElo "2093"]
[BlackElo "1839"]
[PlyCount "109"]
[EventDate "2024.09.11"]
[WhiteTeam "Bosnia & Herzegovina"]
[BlackTeam "Uganda"]
[WhiteTeamCountry "BIH"]
[BlackTeamCountry "UGA"]

1. e4 c5 2. Nf3 Nc6 3. d4 cxd4 4. Nxd4 e5 5. Nb5 a6 6. Nd6+ Bxd6 7. Qxd6 Qe7 8. Qd2 Nf6 9. Nc3 ({RR} 9. f3 O-O 10. b3 b5 11. Bb2 Bb7 12. Nc3 Nd4 13. O-O-O Rfc8 14. Bd3 Qc5 15. Rhe1 a5 16. Ne2 Ne6 17. Ng3 Nd4 18. Kb1 a4 19. b4 Qb6 20. Bxd4 exd4 21. Nf5 a3 22. Bf1 Qe6 23. g4 g6 {1-0 Ivanchuk,V (2710)-Li,C (2751) China Elite Mind Basque rapid 2016 (3.14)}) 9... b5 10. f3 $146 ({RR} 10. Bd3 Bb7 11. O-O Nb4 12. Re1 Nxd3 13. Qxd3 O-O 14. Bg5 h6 15. Bh4 g5 16. Bg3 Rac8 17. Rad1 b4 18. Nd5 Nxd5 19. exd5 d6 20. f4 gxf4 21. Bxf4 Qf6 22. Bd2 Qg6 23. Qxg6+ fxg6 24. Bxh6 Rf7 {½-½ Nagy,E (2172)-Rabovszky,G (1789) Balaton op 36th 2018 (1)}) ({RR} 10. a3 Bb7 11. b3 O-O 12. Bb2 Nd4 13. f3 Rfd8 14. O-O-O d5 15. exd5 Nxd5 16. Nxd5 Rxd5 17. Bd3 Rc8 18. Kb1 Rcd8 19. Qe3 f6 20. Rhe1 R5d7 21. f4 Nc6 22. fxe5 Nxe5 23. Bxe5 fxe5 24. Qxe5 Qxa3 {1-0 Levitskiy,A (2285)-Guzman Lozano,C (1868) Titled Tue 23rd Jul Early 2024 (5)}) ({RR} 10. Bd3 Bb7 11. O-O O-O 12. Qg5 Nd4 13. Be3 b4 14. Bxd4 exd4 15. Ne2 Bxe4 16. Nxd4 Bxd3 17. cxd3 h6 18. Qxg7+ Kxg7 19. Nf5+ Kh7 20. Nxe7 Rfe8 21. Rae1 b3 22. a3 a5 23. h3 a4 24. Re3 Ra5 {½-½ Mazi,L (2365)-Manhardt,T (2175) AUT-chT2S 9798 1997 (8)}) 10... Bb7 11. a4 b4 12. Nd5 Nxd5 13. exd5 Nd4 14. Bc4 Qc5 15. b3 Bxd5 16. Bxd5 Qxd5 17. Bb2 Qc5 18. Bxd4 exd4 19. O-O-O Qc3 20. Qxd4 Qxd4 21. Rxd4 a5 22. Re1+ Kd8 23. Re5 Re8 24. Rxe8+ Kxe8 25. Rd5 Ke7 26. Kd2 Ke6 27. Rb5 Ra6 28. Kc1 f5 29. Kb2 g5 30. c3 bxc3+ 31. Kxc3 Rc6+ 32. Kb2 Ra6 33. Ka3 h6 34. b4 axb4+ 35. Kxb4 Rd6 36. a5 Rd2 37. a6 d6 38. a7 Rb2+ 39. Ka5 Rxg2 40. Kb6 Ra2 41. Ra5 Rxh2 42. a8=Q Rb2+ 43. Kc7 Rc2+ 44. Kd8 Rc5 45. Rxc5 dxc5 46. Qc6+ Ke5 47. Qxc5+ Kf4 48. Ke7 g4 49. fxg4 Kxg4 50. Kf6 f4 51. Qf2 f3 52. Ke5 h5 53. Ke4 Kh3 54. Kxf3 h4 55. Qg2# 1-0

[Event "Olympiad Women 2024"]
[Site "Budapest HUN"]
[Date "2024.09.16"]
[Round "6.35"]
[Board "2"]
[White "Amoko, Ivy Claire"]
[Black "Babic, Milana"]
[Result "0-1"]
[WhiteElo "1820"]
[BlackElo "2080"]
[PlyCount "90"]
[EventDate "2024.09.11"]
[WhiteTeam "Uganda"]
[BlackTeam "Bosnia & Herzegovina"]
[WhiteTeamCountry "UGA"]
[BlackTeamCountry "BIH"]

1. e4 e6 2. d4 d5 3. Nd2 dxe4 4. Nxe4 Nd7 5. Nf3 Ngf6 6. Nxf6+ Nxf6 7. Bd3 c5 8. O-O cxd4 9. Nxd4 Bc5 10. Nb3 Bd6 11. Bg5 Qc7 ({RR} 11... Bd7) 12. h3 ({RR} 12. Bxf6 gxf6 13. Qh5 Bd7 14. Rfe1 Be5 15. Re4 Bc6 16. Rc4 Qb6 17. Re1 Rg8 18. Be4 Bb5 19. Bxh7 Rxg2+ 20. Kxg2 Bxc4 21. Be4 Ke7 22. Qf3 Rb8 23. h3 Bxb2 24. Nd2 Ba6 25. Bd3 Bxd3 26. cxd3 Bc3 {0-1 Lenoir Ibacache,G (2228)-Romanchuk,V (2266) Titled Tue 25th Jun Late 2024 (3)}) 12... h6 13. Bh4 $146 ({RR} 13. Bxf6 gxf6 14. Nd4 Bd7 15. a4 Qc5 16. c3 Rg8 17. Qf3 f5 18. Rfe1 O-O-O 19. b4 Qc7 20. a5 Bc6 21. Nxc6 Qxc6 22. Qxc6+ bxc6 23. Rad1 Be7 24. Re2 Kc7 25. Rc2 e5 26. Be2 e4 27. Rxd8 Rxd8 {1-0 Timagin,P (2170)-Gaprindashvili,V (2270) Moscow Kasparov Cup 1998 (6)}) ({RR} 13. Bxf6 gxf6 14. Qf3 Be5 15. Rad1 Bd7 16. c3 O-O-O 17. Be4 f5 18. Bd3 Bc6 19. Qe2 Rhg8 20. f3 Rg3 21. Bb5 Rdg8 22. Bxc6 Rxg2+ 23. Qxg2 Rxg2+ 24. Kxg2 Qxc6 25. Nd4 Qe8 26. Kf2 Qa4 27. a3 Bc7 {0-1 Bettalli,F (2249)-Fajdetic,H (2151) Titled Tuesday intern op 30th Aug Late blitz 2022 (6)}) 13... Bd7 14. Bg3 Bxg3 15. fxg3 Qxg3 16. Qe2 O-O 17. Rf3 Qh4 18. Raf1 Bc6 19. Rf4 Qg3 20. Na5 Nd5 21. R4f3 Qd6 22. Nxc6 Qxc6 23. Qe4 f5 24. Qe5 Rae8 25. Kh1 a6 26. a3 Qc7 27. Qe2 Qb6 28. Qe5 Qc7 29. Qe2 Nf6 30. Re3 Qb6 31. Bc4 Ne4 32. Bd3 Qxb2 33. Bxe4 fxe4 34. Rxf8+ Rxf8 35. Rxe4 Qxa3 36. Rxe6 Qc1+ 37. Kh2 Qf4+ 38. Kg1 Qd4+ 39. Re3 Re8 40. Kf2 Rxe3 41. Qxe3 Qxe3+ 42. Kxe3 Kf7 43. Kd4 b6 44. c4 Ke6 45. g3 a5 0-1

[Event "Olympiad Women 2024"]
[Site "Budapest HUN"]
[Date "2024.09.16"]
[Round "6.35"]
[Board "3"]
[White "Jacimovic, Sara"]
[Black "Sana Omprakash Kayyar"]
[Result "1/2-1/2"]
[WhiteElo "1981"]
[BlackElo "1937"]
[PlyCount "163"]
[EventDate "2024.09.11"]
[WhiteTeam "Bosnia & Herzegovina"]
[BlackTeam "Uganda"]
[WhiteTeamCountry "BIH"]
[BlackTeamCountry "UGA"]

1. e4 e5 2. Nf3 Nc6 3. Bc4 Nf6 4. d3 Bc5 5. c3 d6 6. O-O a6 7. a4 Ba7 8. Nbd2 O-O 9. h3 h6 10. Re1 Re8 11. Nf1 Be6 12. Bxe6 Rxe6 13. Ng3 d5 14. Qc2 dxe4 15. dxe4 Ne7 16. Nf5 ({RR} 16. b3 Qd6 17. Ba3 Bc5 18. Rad1 Qc6 19. b4 Bd6 20. c4 b6 21. c5 bxc5 22. bxc5 Ng6 23. Qc4 Bf8 24. Rd5 Rae8 25. Bc1 Qb7 26. Nf5 c6 27. Rdd1 a5 28. Be3 Qb4 29. Rc1 Nxe4 30. Qxb4 axb4 {0-1 Harish,N (2090)-Rosenberg,E (1982) Titled Tue 26th Mar Late 2024 (2)}) 16... Ng6 17. g4 $146 ({RR} 17. g3 Qe8 18. Kg2 Rd8 19. b4 a5 20. bxa5 Ra6 21. Rb1 Qc6 22. Rb5 b6 23. Nxe5 Nxe5 24. Ne7+ Kf8 25. Nxc6 Nxc6 26. e5 Nd5 27. Rd1 Nce7 28. c4 c6 29. Rb3 Rxa5 30. cxd5 cxd5 31. Ba3 Ke8 {1-0 Perez,M (2396)-Chakravarthi Reddy,M (2279) Titled Tue 23rd May Late 2023 (10)}) 17... Qd7 18. Be3 Bxe3 19. Rxe3 Rd8 20. Kh2 Nf4 21. Rg1 Nh7 22. h4 Nf8 23. Kg3 Kh7 24. Nxe5 Rxe5 25. Kxf4 Qe8 26. Kg3 Ra5 27. b3 g6 28. Nd4 c5 29. Ne2 c4 30. Rf3 Kg7 31. Ra1 cxb3 32. Qxb3 Ne6 33. Qb4 Re5 34. Re3 Nc5 35. f3 Rd2 36. Nf4 Qb8 37. Kh3 g5 38. Re2 Nd3 39. Nxd3 Rxd3 40. Rf1 Qc7 41. h5 Qxc3 42. Qxc3 Rxc3 43. Kg2 b5 44. axb5 axb5 45. Rb2 Rec5 46. Kg3 Rc2 47. Rb3 Ra2 48. f4 Ra4 49. fxg5 Rxg5 50. Kf4 Ra2 51. Rfb1 Rg2 52. Rg3 Rxg3 53. Kxg3 Rc5 54. Kf4 Kf6 55. Ra1 Rc6 56. Ra8 Rb6 57. Rh8 Kg7 58. Rd8 b4 59. e5 b3 60. Rd1 b2 61. Rb1 f6 62. e6 Rb5 63. e7 Kf7 64. Ke4 Kxe7 65. Kd4 Rb4+ 66. Kc3 Rxg4 67. Rxb2 Rg5 68. Rh2 Ke6 69. Kd4 Rg4+ 70. Ke3 Kf5 71. Kf3 Kg5 72. Rh1 f5 73. Rh2 Rb4 74. Rh1 Rb3+ 75. Kf2 f4 76. Ra1 Kxh5 77. Rg1 Kh4 78. Rg8 h5 79. Rg7 Rg3 80. Rf7 Kg4 81. Rg7+ Kf5 82. Rxg3 1/2-1/2

[Event "Olympiad Women 2024"]
[Site "Budapest HUN"]
[Date "2024.09.16"]
[Round "6.35"]
[Board "4"]
[White "Takali Milly"]
[Black "Mahmutbegovic Smajilbasic, Nadina"]
[Result "1-0"]
[WhiteElo "1707"]
[BlackElo "1973"]
[PlyCount "101"]
[EventDate "2024.09.11"]
[WhiteTeam "Uganda"]
[BlackTeam "Bosnia & Herzegovina"]
[WhiteTeamCountry "UGA"]
[BlackTeamCountry "BIH"]

1. d4 d5 2. Bf4 c5 3. e3 cxd4 4. exd4 Nc6 5. Nf3 Nf6 6. Bd3 g6 7. c3 Nh5 8. Be3 Bg7 9. Nbd2 O-O 10. h3 Qd6 11. O-O f5 12. Nb3 f4 13. Bd2 e5 $146 ({RR} 13... Bf5 14. Be2 Nf6 15. c4 Ne4 16. cxd5 Qxd5 17. Bxf4 Bxh3 18. Be5 Bg4 19. Rc1 Nd6 20. Rc5 Qf7 21. Ng5 Bxe2 22. Qxe2 Qe8 23. Bxg7 Kxg7 24. Ne6+ Kh8 25. d5 {1-0 Horvath,A (2245)-Sandhu,M (2130) EU-ch U16 Rimavska Sobota 1996 (1)}) 14. dxe5 Nxe5 15. Be2 Nc4 16. Bc1 Qd8 17. Nfd4 Nf6 18. Bxc4 dxc4 19. Nd2 Qd5 20. Qf3 Qxf3 21. N2xf3 Nd5 22. Bd2 Bd7 23. Rfe1 Rae8 24. Ng5 Bxd4 25. cxd4 h6 26. Ne4 b5 27. Nc5 Bc8 28. Re5 Rxe5 29. dxe5 Re8 30. Re1 g5 31. Ne4 Bd7 32. Bc3 Nxc3 33. Nf6+ Kf7 34. Nxe8 Bxe8 35. bxc3 Ke6 36. a3 Bg6 37. g3 fxg3 38. fxg3 h5 39. Kf2 Bf5 40. Kg2 g4 41. h4 Kd5 42. Kf2 a5 43. Ke3 Kxe5 44. Rf1 Be6 45. Rf8 Kd5 46. Rh8 Bf7 47. Ra8 a4 48. Rb8 Kc6 49. Kd4 Bg6 50. Rf8 Bd3 51. Rf6+ 1-0

[Event "Olympiad Women 2024"]
[Site "Budapest HUN"]
[Date "2024.09.16"]
[Round "6.36"]
[Board "1"]
[White "Castillo Pena, Patricia Evarista"]
[Black "Toth, Lili"]
[Result "1/2-1/2"]
[WhiteElo "1928"]
[BlackElo "2105"]
[PlyCount "85"]
[EventDate "2024.09.11"]
[WhiteTeam "Dominican Republic"]
[BlackTeam "Hungary C"]
[WhiteTeamCountry "DOM"]

1. d4 Nf6 2. Nf3 d5 3. e3 c5 4. Bd3 Nc6 5. b3 cxd4 6. exd4 Bg4 7. Bb2 Qa5+ ({RR} 7... e6 8. Nbd2 Bd6 9. h3 Bh5 10. a3 O-O 11. Qe2 Rc8 12. O-O a6 13. g4 Bg6 14. Ne5 Bxd3 15. cxd3 Qb6 16. g5 Nxd4 17. Bxd4 Qxd4 18. Ndf3 Qf4 19. gxf6 gxf6 20. Ng4 f5 21. Ngh2 Kh8 22. Kh1 {0-1 Klukin,K (2390)-Tabatabaei,M (2696) Titled Tue 9th Jan Late 2024 (3)}) 8. c3 $146 ({RR} 8. Qd2 Bxf3 9. Qxa5 Nxa5 10. gxf3 e6 11. Nd2 Rc8 12. O-O Bd6 13. Rfd1 O-O 14. c4 dxc4 15. Nxc4 Bc7 16. Nxa5 Bxa5 17. Rac1 Rxc1 18. Rxc1 Rd8 19. Ba3 Nd5 20. Be4 f5 21. Bxd5 Rxd5 22. Rc8+ Rd8 {1-0 Gasthofer,A (2458)-Gerstner,W (2404) Oberliga Baden 0910 2009 (2.2)}) ({RR} 8. Qd2 Bxf3 9. Qxa5 Nxa5 10. gxf3 e6 11. Nd2 a6 12. O-O Bd6 13. c4 Nc6 14. a3 Rc8 15. Rac1 Ke7 16. c5 Bb8 17. b4 Nh5 18. Rfe1 Nf4 19. Bf1 g5 20. Nb3 h5 21. Bg2 g4 22. fxg4 hxg4 {0-1 Castillo Pena,P (1928)-Mueller,M (2116) Titled Tue 2nd Jul Late 2024 (1)}) ({RR} 8. Nbd2 Nb4 9. Qe2 Nxd3+ 10. Qxd3 e6 11. O-O Bf5 12. Qe2 Bxc2 13. Nc4 dxc4 14. Qxc2 cxb3 15. Qxb3 Qd5 16. Rac1 Qxb3 17. axb3 Nd5 18. Rfd1 Bd6 19. Ne5 Ke7 20. Nc4 Rhc8 21. g3 b5 22. Ne3 a5 {0-1 McNutt,W (1729)-Hevia Alejano,C (2492) Brownsville UT RGV GM 3rd 2017 (5)}) 8... Bxf3 9. gxf3 Qc7 10. Na3 g6 11. Qd2 Bg7 12. Nc2 O-O 13. h4 Nh5 14. O-O-O Qf4 15. Qxf4 Nxf4 16. Ne3 Nxd3+ 17. Rxd3 e6 18. h5 f5 19. hxg6 hxg6 20. f4 Rac8 21. Kb1 Kf7 22. Ng2 Rh8 23. Rdh3 Rxh3 24. Rxh3 Nb8 25. Ne1 Rh8 26. Rxh8 Bxh8 27. Nf3 Nc6 28. Kc2 Bf6 29. Ba3 Ke8 30. Kd3 Kd7 31. Bf8 Nd8 32. c4 Nf7 33. Bb4 g5 34. fxg5 Nxg5 35. Nxg5 Bxg5 36. Bd2 Bf6 37. Bf4 Ke7 38. Be5 Bg5 39. f4 Bh4 40. b4 a6 41. a4 Kd7 42. b5 axb5 43. axb5 1/2-1/2

[Event "Olympiad Women 2024"]
[Site "Budapest HUN"]
[Date "2024.09.16"]
[Round "6.36"]
[Board "2"]
[White "Gombocz, Zsofia"]
[Black "Diaz Cesar, Wilsaida Pieranlly"]
[Result "1-0"]
[WhiteElo "2061"]
[BlackElo "1900"]
[PlyCount "89"]
[EventDate "2024.09.11"]
[WhiteTeam "Hungary C"]
[BlackTeam "Dominican Republic"]
[BlackTeamCountry "DOM"]

1. e4 e5 2. Nf3 d6 3. d4 exd4 4. Nxd4 Nf6 5. Nc3 Be7 6. Bf4 O-O 7. Qd2 a6 8. O-O-O b5 9. f3 c6 ({RR} 9... c5 10. Nf5 Bxf5 11. exf5 Nc6 12. g4 b4 13. Nd5 Nxd5 14. Qxd5 Bg5 15. Bxg5 Qxg5+ 16. Kb1 Nd4 17. Bd3 Qf4 18. Qe4 Qh6 19. Rde1 Rad8 20. Bc4 Qh4 21. Bd5 Rd7 22. Rhg1 Qf6 23. f4 a5 24. Qd3 {1-0 Edouard,R (2594)-Kazhgaleyev,M (2626) FRA-chT Top 16 Gp Haute 2009 (11)}) ({RR} 9... c5 10. Nf5 Bxf5 11. exf5 Nc6 12. g4 Nd4 13. Qf2 b4 14. Ne2 Qa5 15. Kb1 Nb5 16. g5 Nd5 17. Rxd5 Rfe8 18. f6 Bf8 19. Nc1 Qc7 20. Bc4 Reb8 21. fxg7 Bxg7 22. Rf5 Kh8 23. Rxf7 Qa5 24. Rxg7 {1-0 Giri,A (2749)-Lund,G (2321) Titled Tue 9th Jan Early 2024 (3)}) 10. g4 b4 11. Na4 $146 ({RR} 11. Nce2 c5 12. Nf5 Bxf5 13. gxf5 Qa5 14. Kb1 Nc6 15. Rg1 Rfc8 16. Bh6 g6 17. Nf4 Ne5 18. Nd5 Bd8 19. Bh3 Nxf3 20. Nxf6+ Bxf6 21. Qf4 Nxg1 22. fxg6 Qd8 23. gxf7+ Kxf7 24. Rxg1 Ke7 25. Qf5 {1-0 Alaslar,D (2153)-Schott,G (2192) NATO-ch 23nd 2012 (5)}) ({RR} 11. Nce2 Qa5 12. Kb1 Rd8 13. Nf5 Bf8 14. Nc1 d5 15. Bg5 Nbd7 16. e5 Nxe5 17. Nh6+ gxh6 18. Bxf6 Nxf3 19. Qf4 Ng5 20. Nb3 Qb6 {½-½ Furlan,M (2299)-Trussevich,S (2244) Ljubljana-chT 69th Superliga 2016 (6.1)}) 11... g6 12. Bh6 Re8 13. Nf5 Bxf5 14. gxf5 Qa5 15. b3 Nbd7 16. Rg1 Nc5 17. fxg6 hxg6 18. Bc4 d5 19. exd5 Nxa4 20. bxa4 cxd5 21. Bb3 Qc7 22. Bxd5 Nxd5 23. Qxd5 Qb6 24. a5 Qf6 25. Kb1 Rad8 26. Qe4 Rxd1+ 27. Rxd1 g5 28. Rd7 Qxh6 29. Rxe7 Rd8 30. Re8+ Rxe8 31. Qxe8+ Kg7 32. Qe5+ Qf6 33. Qxf6+ Kxf6 34. Kb2 Ke5 35. Kb3 Kf4 36. Kxb4 Kxf3 37. c4 Ke4 38. Kc5 Kd3 39. Kd5 f5 40. c5 f4 41. c6 f3 42. c7 f2 43. c8=Q Ke3 44. Qxa6 Kf3 45. Qf1 1-0

[Event "Olympiad Women 2024"]
[Site "Budapest HUN"]
[Date "2024.09.16"]
[Round "6.36"]
[Board "3"]
[White "Gonzalez Peguero, Mary Loly"]
[Black "Nandin-Erdene, Davaademberel"]
[Result "1-0"]
[WhiteElo "1889"]
[BlackElo "2039"]
[PlyCount "133"]
[EventDate "2024.09.11"]
[WhiteTeam "Dominican Republic"]
[BlackTeam "Hungary C"]
[WhiteTeamCountry "DOM"]

1. c4 e6 2. Nf3 d5 3. cxd5 exd5 4. d4 Nf6 5. Bf4 Bb4+ ({RR} 5... Bd6 6. Bg3 Ne4 7. Nc3 Nxg3 8. hxg3 c6 9. e3 h6 10. Bd3 Be6 11. Ne2 g5 12. Qb3 Qe7 13. O-O-O Kf8 14. Kb1 Kg7 15. Ne5 c5 16. Qc2 Bxe5 17. dxe5 Nc6 18. f4 c4 19. Bxc4 Nb4 20. Qc3 {0-1 Bacrot,E (2662)-Pranesh,M (2503) World Rapid Team 2023 (4.2)}) 6. Nbd2 ({RR} 6. Bd2 Bxd2+ 7. Nbxd2 O-O 8. e3 Bf5 9. Nh4 Bg4 10. Be2 Bxe2 11. Qxe2 Nc6 12. O-O Re8 13. Nhf3 Ne4 14. Nxe4 Rxe4 15. Nd2 Re6 16. Qg4 Qd6 17. a3 Rae8 18. Nb3 b6 19. Rac1 Rg6 20. Qf3 Nd8 {0-1 Kuznetsov,I-Efremov,R (1614) Korchnoi Mem Open 2023 (2.145)}) 6... O-O 7. e3 Bg4 $146 ({RR} 7... Nc6 8. Be2 Ne4 9. O-O Nxd2 10. Nxd2 Bd6 11. Bxd6 Qxd6 12. a3 Bf5 13. Bg4 Qf6 14. Rc1 Qg5 15. Bxf5 Qxf5 16. Qf3 Qd7 17. Rc5 Ne7 18. Rfc1 c6 19. Qf4 f5 20. Nf3 Ng6 21. Qg5 Rae8 22. g3 {1-0 Kogan,E (1802)-Pavlov,A (2299) Kaluga Tsiolkovsky Memorial op 2013 (3)}) 8. Be2 c6 9. O-O Nbd7 10. a3 Be7 11. Rc1 Nh5 12. Be5 f6 13. Bg3 Nxg3 14. hxg3 Bd6 15. Qb3 Rb8 16. e4 Be6 17. Bd3 Re8 18. Qc2 dxe4 19. Nxe4 Nf8 20. Rfe1 Kh8 21. Nxd6 Qxd6 22. Re4 Ng6 23. Nh4 Nf8 24. Nf3 Ng6 25. Nh4 Nf8 26. Nf3 g5 27. Rce1 Bf7 28. Rxe8 Rxe8 29. Rxe8 Bxe8 30. Qc5 Qxc5 31. dxc5 Ne6 32. b4 Bd7 33. Kf1 g4 34. Nd2 Nd4 35. Nc4 Nb5 36. Na5 b6 37. cxb6 axb6 38. Nc4 Be6 39. a4 Bxc4 40. Bxc4 Nc7 41. a5 b5 42. Bd3 Na6 43. Bf5 Nxb4 44. Bc8 c5 45. Bb7 Kg7 46. a6 Nxa6 47. Bxa6 b4 48. Bc4 h5 49. Ke2 Kg6 50. Ke3 Kg5 51. Ke4 f5+ 52. Ke5 Kg6 53. Bd3 b3 54. Bxf5+ Kg5 55. Bb1 b2 56. Kd5 h4 57. gxh4+ Kxh4 58. Kxc5 Kg5 59. Kd5 Kf4 60. Kd4 Kg5 61. Ke5 Kh5 62. Kf5 Kh4 63. Kf4 g3 64. f3 Kh5 65. Kxg3 Kg5 66. f4+ Kf6 67. Kf3 1-0

[Event "Olympiad Women 2024"]
[Site "Budapest HUN"]
[Date "2024.09.16"]
[Round "6.36"]
[Board "4"]
[White "Sipos, Stefania"]
[Black "Ramirez Luzon, Franchesca"]
[Result "0-1"]
[WhiteElo "1993"]
[BlackElo "1820"]
[PlyCount "102"]
[EventDate "2024.09.11"]
[WhiteTeam "Hungary C"]
[BlackTeam "Dominican Republic"]
[BlackTeamCountry "DOM"]

1. e4 c5 2. Nf3 g6 3. d4 cxd4 4. Qxd4 Nf6 5. e5 Nc6 6. Qa4 Nd5 7. Qe4 Nc7 8. Nc3 Bg7 9. Bf4 Ne6 ({RR} 9... b5 10. O-O-O b4 11. Nd5 Nxd5 12. Qxd5 e6 13. Qe4 h6 14. h4 Qc7 15. Bb5 Qb6 16. Qc4 Ne7 17. Be3 Qa5 18. Bc5 a6 19. Bxe7 Kxe7 20. Qc5+ Kd8 21. Nd4 Bf8 22. Nc6+ Ke8 23. Qxf8+ Rxf8 24. Nxa5 {½-½ Karjakin,S (2721)-Guseinov,G (2659) AZE-The World m rapid 2009 (1)}) 10. Bd2 ({RR} 10. Bg3 Qa5 11. O-O-O O-O 12. h4 Nc5 13. Qe3 Na4 14. Nxa4 Qxa4 15. a3 d6 16. h5 Bf5 17. Bd3 Bxd3 18. Rxd3 Rac8 19. hxg6 hxg6 20. Rh4 Nb4 21. Rd2 Nxc2 22. Qc3 Nb4 23. axb4 Rxc3+ 24. bxc3 Rc8 {0-1 Al Tarbosh,W (2278)-Deveci,H (2250) Titled Tue 20th Feb Early 2024 (2)}) 10... Qc7 $146 ({RR} 10... O-O 11. O-O-O d6 12. exd6 exd6 13. h4 Nc5 14. Qf4 Be6 15. h5 Qa5 16. hxg6 fxg6 17. Qh4 h5 18. Ng5 Nb4 19. Nxe6 Nxe6 20. Bc4 {1-0 Tumanyan,G (2008)-Oberhuber,A (2062) AUT-ch Vienna 2022 (9)}) 11. Nd5 Qb8 12. Bc3 b5 13. Qh4 a5 14. a3 b4 15. axb4 axb4 16. Rxa8 Qxa8 17. Bxb4 Qa1+ 18. Kd2 h5 19. Ba3 Bh6+ 20. Kc3 g5 21. Qe4 g4 22. Qe1 Qxe1+ 23. Nxe1 Bg7 24. Nd3 Nxe5 25. Kd2 Nc4+ 26. Kc1 Bb7 27. Ne3 Bh6 28. Kb1 Bxe3 29. fxe3 Nxe3 30. Ne1 Be4 31. Rg1 Nd4 32. Bd3 Bxd3 33. Nxd3 Nexc2 34. Bc5 d6 35. Bb6 Kd7 36. Rf1 f5 37. Rf2 Rb8 38. Ba5 Ne3 39. Nf4 e5 40. Nd3 h4 41. Bd2 g3 42. Bxe3 gxf2 43. Bxf2 h3 44. Bxd4 hxg2 45. Bg1 f4 46. Kc2 f3 47. Kc3 e4 48. Nf4 Rf8 49. Nh3 e3 50. Bxe3 f2 51. Bxf2 Rxf2 0-1

[Event "Olympiad Women 2024"]
[Site "Budapest HUN"]
[Date "2024.09.16"]
[Round "6.37"]
[Board "1"]
[White "Corrales Jimenez, Zenia"]
[Black "Smith, Olivia"]
[Result "1-0"]
[WhiteElo "2170"]
[BlackElo "2087"]
[PlyCount "87"]
[EventDate "2024.09.11"]
[WhiteTeam "Mexico"]
[BlackTeam "Wales"]
[WhiteTeamCountry "MEX"]
[BlackTeamCountry "WLS"]

1. e4 c6 2. d4 d5 3. Nc3 dxe4 4. Nxe4 Nf6 5. Nxf6+ exf6 6. c3 Bd6 7. Bd3 O-O 8. Qc2 Re8+ 9. Ne2 h5 10. O-O h4 11. Nf4 Nd7 12. Qd1 Nf8 13. Qf3 $146 ({RR} 13. Qh5 f5 14. Nh3 Qc7 15. Qxh4 Bxh2+ 16. Kh1 Bd6 17. Ng5 g6 18. g4 fxg4 19. Kg2 Qd8 20. Rh1 Qf6 21. Bd2 Be6 22. c4 b5 23. b3 bxc4 24. bxc4 c5 25. Qh6 cxd4 26. Ne4 Qf3+ 27. Kg1 Be5 {½-½ Pein,J (2247)-Gourlay,I (2307) Sheffield Masters 2024 (1.4)}) ({RR} 13. Qh5 Qc7 14. g3 hxg3 15. hxg3 Qd7 16. f3 Bxf4 17. Bxf4 Qd5 18. Qxd5 cxd5 19. g4 Bd7 20. Kf2 a6 21. a4 g5 22. Bg3 Ng6 23. a5 Bb5 24. Bxb5 axb5 25. Ra3 Re6 26. Re1 Kf8 27. Rxe6 fxe6 {0-1 Bortnyk,O (2608)-Nakamura,H (2788) Titled Tue 9th Jan Late 2024 (9)}) ({RR} 13. Qh5 Qd7 14. Bd2 Qg4 15. Rae1 Bxf4 16. Qxg4 Bxg4 17. Bxf4 Ne6 18. Be3 h3 19. f3 hxg2 20. Kxg2 Bh5 21. Kg3 Rad8 22. Bc4 c5 23. dxc5 Rc8 24. b4 b6 25. Ba6 Rc7 26. Bf4 Rce7 27. Bd6 Rd7 {1-0 Komov,R (2220)-Sreyas,P (2084) Titled Tue 2nd Apr Early 2024 (2)}) 13... a5 14. Be3 a4 15. c4 Bb8 16. Rfd1 Qd6 17. c5 Qc7 18. g3 Be6 19. d5 cxd5 20. Bb5 Rd8 21. Nxd5 Bxd5 22. Rxd5 Rxd5 23. Qxd5 hxg3 24. hxg3 a3 25. b4 Qe5 26. Qxe5 Bxe5 27. Rd1 Rb8 28. Bc4 Ne6 29. Rd7 Bc3 30. Bd2 Be5 31. Bd5 b6 32. Bxe6 fxe6 33. c6 Rc8 34. b5 g5 35. Bb4 f5 36. Bxa3 Ra8 37. Bd6 Bxd6 38. Rxd6 Kf7 39. Rd7+ Kf6 40. c7 Rc8 41. a4 e5 42. a5 Ke6 43. Rh7 bxa5 44. b6 1-0

[Event "Olympiad Women 2024"]
[Site "Budapest HUN"]
[Date "2024.09.16"]
[Round "6.37"]
[Board "2"]
[White "Camp, Imogen A L"]
[Black "Miranda Rodriguez, Tania"]
[Result "0-1"]
[WhiteElo "1923"]
[BlackElo "2090"]
[PlyCount "134"]
[EventDate "2024.09.11"]
[WhiteTeam "Wales"]
[BlackTeam "Mexico"]
[WhiteTeamCountry "WLS"]
[BlackTeamCountry "MEX"]

1. d4 Nf6 2. c4 e6 3. Nf3 d5 4. Nc3 Bb4 5. e3 O-O 6. Qc2 c5 7. cxd5 cxd4 ({RR} 7... exd5 8. dxc5 Nc6 9. a3 Bxc5 10. b4 Bb6 11. Bd3 Bg4 12. Bb2 d4 13. Nxd4 Nxd4 14. exd4 Re8+ 15. Ne2 Rc8 16. Qd1 Nd5 17. O-O Nf4 18. f3 Nxd3 19. Qxd3 Be6 20. Rac1 Qd7 21. Rxc8 Rxc8 22. Rc1 {0-1 Martin Carmona,G (2329)-Sanal,V (2601) Titled Tuesday intern op 29th Mar Early blitz 2022 (1)}) 8. Nxd4 ({RR} 8. exd4 exd5 9. Be2 Nc6 10. O-O h6 11. h3 Be6 12. Be3 Rc8 13. Rac1 Bd6 14. Rfd1 Re8 15. Qb1 a6 16. Na4 Nd7 17. Nc5 Nxc5 18. dxc5 Bb8 19. b4 Qf6 20. a4 Ne5 21. Bd4 Nxf3+ 22. Bxf3 Qf4 {0-1 Beber,A (1925)-Wegerer,F (2117) 43rd St Veit Open 2024 (3.21)}) 8... Nxd5 9. Bd2 Be7 $146 ({RR} 9... Nxc3 10. Bxc3 Bxc3+ 11. Qxc3 e5 12. Nb5 Nc6 13. Rd1 Qe7 14. Bc4 Bg4 15. Rc1 a6 16. Na3 Qg5 17. O-O Bf3 18. g3 Rac8 19. Nc2 Ne7 20. Ne1 Bd5 21. Qb3 b5 22. Bxd5 Rxc1 23. Bg2 Qg6 24. Nf3 {0-1 Cesar Hernandez,J-Arias Torio,S (2184) Internet Section 16-A blitz 2003 (7)}) ({RR} 9... Nxc3 10. Bxc3 Bxc3+ 11. Qxc3 Nd7 12. Rc1 Nf6 13. Bc4 a6 14. a4 Bd7 15. a5 Rc8 16. Qa3 Bb5 17. b3 Bxc4 18. bxc4 e5 19. Nb3 Qd3 20. Qb4 Rfd8 21. Nd2 Ng4 22. Qc3 Nxf2 23. Kxf2 Qxd2+ 24. Qxd2 {0-1 Papp,L (2361)-Markelova,L (2179) Titled Tuesday intern op 11th Aug blitz 2020 (1)}) 10. a3 Bf6 11. Bd3 h6 12. O-O Bxd4 13. exd4 Nc6 14. Ne2 Bd7 15. Be4 Nce7 16. Qd3 Bc6 17. Qg3 Qc7 18. Qh4 Nf6 19. Bd3 Ned5 20. Bxh6 gxh6 21. Qxh6 Rfe8 22. f4 Ne3 23. Qxf6 Nxf1 24. Qg5+ Kf8 25. Rxf1 f5 26. Qf6+ Qf7 27. Qh8+ Ke7 28. Qe5 Kf8 29. Bc4 Qg7 30. Qd6+ Qe7 31. Qe5 Qg7 32. Qd6+ Qe7 33. Qxe7+ Kxe7 34. Re1 Rad8 35. Kf2 Kf6 36. h3 Rg8 37. Rg1 Bd5 38. Bd3 Rh8 39. Ke3 Rdg8 40. Kf2 Rh4 41. a4 a5 42. Bb5 Rg7 43. Bd3 Bc6 44. b3 Bd5 45. Bc4 Be4 46. Kf1 Ke7 47. Kf2 Kd6 48. Kf1 Rg8 49. Kf2 Rg6 50. Kf1 Rg7 51. Kf2 Bc6 52. Kf1 b6 53. Kf2 Rg8 54. Kf1 Rg6 55. Kf2 Rg7 56. Kf1 Rc7 57. Kf2 Bxa4 58. Bxe6 Bb5 59. Bxf5 Bxe2 60. Kxe2 Rxf4 61. g4 Re7+ 62. Kd2 Rf2+ 63. Kd3 Rf3+ 64. Kc2 Re2+ 65. Kd1 Ra2 66. Re1 Rxh3 67. Re2 Rh1+ 0-1